[Event "CZE-ch Seniors 50"]
[Site "Rychnov nad Kneznou"]
[Date "2015.08.20"]
[Round "6"]
[White "Elias, Miroslav"]
[Black "Jagiela, Piotr"]
[Result "1-0"]
[WhiteElo "2083"]
[BlackElo "1696"]
[PlyCount "97"]
[EventDate "2015.08.15"]
[EventType "swiss"]
[EventRounds "9"]
[EventCountry "CZE"]
[SourceTitle "EXT 2016"]
[Source "ChessBase"]
[SourceDate "2015.10.08"]
[SourceVersion "1"]
[SourceVersionDate "2015.10.08"]
[SourceQuality "1"]

1. e4 d6 2. d4 g6 3. Nf3 Bg7 4. Bc4 e6 5. 0-0 Ne7 6. c3 0-0 7. Re1 b6 8. a4 a5 9. Na3 c6 10. Bf4 Na6 11. Qd2 Nc7 12. Rad1 d5 13. Bd3 Ba6 14. Bxa6 Rxa6 15. e5 b5 16. b3 Qd7 17. Bg5 Rb8 18. Qf4 bxa4 19. bxa4 Rb3 20. Nb1 Ne8 21. Qh4 Nc8 22. Nfd2 Rb7 23. Re3 Ne7 24. g4 Kf8 25. Qxh7 Ng8 26. Rf3 c5 27. Qxg6 Qxa4 28. Re1 cxd4 29. Qd3 Rab6 30. cxd4 Qb5 31. Qh7 Qb2 32. Be3 Rc6 33. h4 Rc1 34. Rxc1 Qxc1+ 35. Kg2 Rc7 36. g5 Qc2 37. g6 f5 38. exf6 Ngxf6 39. Bh6 Bxh6 40. Qxh6+ Kg8 41. h5 Rg7 42. Qg5 Ne4 43. Qd8 Qc6 44. Nxe4 dxe4 45. Rc3 Qa4 46. Rc8 Kf8 47. Qd6+ Re7 48. g7+ Kf7 49. g8Q+ 1-0

[Event "Wroclaw op 9th"]
[Site "Wroclaw"]
[Date "2014.06.29"]
[Round "2"]
[White "Jagiela, Piotr"]
[Black "Molenda, Mikolaj"]
[Result "1-0"]
[WhiteElo "1750"]
[BlackElo "1410"]
[PlyCount "85"]
[EventDate "2014.06.29"]
[EventType "swiss"]
[EventRounds "9"]
[EventCountry "POL"]
[SourceTitle "EXT 2015"]
[Source "ChessBase"]
[SourceDate "2014.11.20"]
[SourceVersion "1"]
[SourceVersionDate "2014.11.20"]
[SourceQuality "1"]

1. f4 Nf6 2. Nf3 d5 3. g3 Nc6 4. Bg2 Bf5 5. d3 e6 6. Nh4 Bg6 7. h3 Bd6 8. 0-0 Qe7 9. Nxg6 hxg6 10. e4 dxe4 11. dxe4 0-0-0 12. Qe1 e5 13. c3 Nh5 14. f5 gxf5 15. Rxf5 g6 16. Rf1 Rdf8 17. h4 Kb8 18. Bh3 Ng7 19. Be3 f5 20. Bg5 Bc5+ 21. Kh2 Qd6 22. Nd2 f4 23. g4 Ne6 24. Nf3 Nxg5 25. Nxg5 Qf6 26. Nf3 Be7 27. g5 Qf7 28. b3 Rd8 29. Rd1 Rxd1 30. Qxd1 Rd8 31. Qe2 a6 32. Rd1 Qe8 33. Rd5 Ka8 34. Bg4 Bd6 35. Kg2 Nb8 36. Qd1 Nc6 37. b4 b5 38. Rd2 Rb8 39. Qb3 Ne7 40. Qe6 Qc6 41. Nxe5 Qxe4+ 42. Bf3 Nf5 43. Bxe4+ 1-0

[Event "Jastrzebia Gora Fianchetto op"]
[Site "Jastrzebia Gora"]
[Date "2014.??.??"]
[Round "9"]
[White "Rogalski, Krzysztof"]
[Black "Jagiela, Piotr"]
[Result "1/2-1/2"]
[WhiteElo "1832"]
[BlackElo "1717"]
[PlyCount "34"]
[EventDate "2014.08.31"]
[EventType "swiss"]
[EventRounds "9"]
[EventCountry "POL"]
[SourceTitle "CBM 162 Extra"]
[Source "ChessBase"]
[SourceDate "2014.10.17"]
[SourceVersion "1"]
[SourceVersionDate "2014.10.17"]
[SourceQuality "1"]

1. d4 d6 2. c4 e5 3. d5 f5 4. Nf3 Be7 5. Nc3 Nf6 6. e3 0-0 7. Be2 h6 8. 0-0 Nbd7 9. b4 a6 10. b5 Nc5 11. Ne1 Nfe4 12. Qc2 Nxc3 13. Qxc3 e4 14. Bb2 Bf6 15. Qc1 Bxb2 16. Qxb2 Qf6 17. Qxf6 Rxf6 1/2-1/2

[Event "Jastrzebia Gora Fianchetto op"]
[Site "Jastrzebia Gora"]
[Date "2014.??.??"]
[Round "7"]
[White "Wroblewski, Mieczyslaw"]
[Black "Jagiela, Piotr"]
[Result "0-1"]
[WhiteElo "1838"]
[BlackElo "1717"]
[PlyCount "78"]
[EventDate "2014.08.31"]
[EventType "swiss"]
[EventRounds "9"]
[EventCountry "POL"]
[SourceTitle "CBM 162 Extra"]
[Source "ChessBase"]
[SourceDate "2014.10.17"]
[SourceVersion "1"]
[SourceVersionDate "2014.10.17"]
[SourceQuality "1"]

1. e4 e6 2. d4 d5 3. Nd2 Nf6 4. Bd3 Be7 5. f4 dxe4 6. Nxe4 0-0 7. Nf3 Nbd7 8. 0-0 b6 9. c3 Bb7 10. Neg5 g6 11. Qc2 Kg7 12. Re1 h6 13. Ne4 Nxe4 14. Bxe4 Bxe4 15. Qxe4 Nf6 16. Qe2 Bd6 17. Qd2 Rh8 18. Qf2 c5 19. Kh1 Qc7 20. Ne5 Nd5 21. g3 h5 22. Nf3 Rad8 23. Ng5 Rhe8 24. Bd2 Nf6 25. Be3 Ng4 26. Qf3 Nxe3 27. Qxe3 Qc6+ 28. Qe4 Qxe4+ 29. Nxe4 cxd4 30. cxd4 Be7 31. Red1 Rd7 32. Rd2 Red8 33. Rad1 f5 34. Nc3 Bb4 35. Kg2 Bxc3 36. bxc3 Rc8 37. Rc1 Rdc7 38. Rd3 a6 39. Kf2 b5 0-1

[Event "Wroclaw op-B 8th"]
[Site "Wroclaw"]
[Date "2013.07.08"]
[Round "8"]
[White "Stelmaszuk, Maciej"]
[Black "Jagiela, Piotr"]
[Result "1-0"]
[WhiteElo "1537"]
[BlackElo "1800"]
[PlyCount "147"]
[EventDate "2013.07.01"]
[EventType "swiss"]
[EventRounds "9"]
[EventCountry "POL"]
[SourceTitle "EXT 2014"]
[Source "ChessBase"]
[SourceDate "2013.11.20"]
[SourceVersion "1"]
[SourceVersionDate "2013.11.20"]
[SourceQuality "1"]

1. d4 e6 2. c4 f5 3. Nc3 Nf6 4. Bg5 Be7 5. Bxf6 Bxf6 6. e4 fxe4 7. Nxe4 0-0 8. Nf3 d6 9. Bd3 Nc6 10. Bc2 g6 11. h4 e5 12. dxe5 Nxe5 13. Nfg5 Nf7 14. Nxh7 Kxh7 15. h5 Kg7 16. hxg6 Rh8 17. Rxh8 Nxh8 18. Qh5 Nxg6 19. 0-0-0 Nf8 20. c5 Be5 21. Qxe5+ dxe5 22. Rxd8 b6 23. cxb6 axb6 24. Nc3 Bb7 25. Rxa8 Bxa8 26. Be4 Bxe4 27. Nxe4 Kf7 28. Kd2 Ke6 29. Kd3 Kd5 30. Nf6+ Ke6 31. Ng4 Kf5 32. Ne3+ Kf4 33. Nd5+ Kf5 34. Nxc7 Ng6 35. g3 Ne7 36. Ke3 Nc6 37. Nd5 b5 38. a3 Na5 39. Nb6 Nb3 40. f3 Ke6 41. Kd3 Kd6 42. a4 Kc6 43. Nc8 Nc5+ 44. Kc2 Nxa4 45. Ne7+ Kc5 46. g4 Kd6 47. Nf5+ Ke6 48. Ng3 Nb6 49. Kb3 Nd5 50. Ne4 Kd7 51. Nc3 Nc7 52. Kb4 Kc6 53. g5 Kb6 54. g6 Na6+ 55. Ka3 b4+ 56. Kb3 bxc3 57. Kxc3 Nc7 58. Kc4 Ne8 59. Kd5 Kc7 60. Kxe5 Kd7 61. f4 Ke7 62. f5 Nf6 63. b4 Ng4+ 64. Kf4 Nf6 65. b5 Nd7 66. Kg5 Kf8 67. f6 Kg8 68. g7 Kf7 69. Kh6 Nxf6 70. b6 Ng8+ 71. Kh7 Nf6+ 72. Kh8 Ng8 73. b7 Ne7 74. b8Q 1-0

[Event "Wroclaw op-B 8th"]
[Site "Wroclaw"]
[Date "2013.07.02"]
[Round "2"]
[White "Lipski, Lukasz"]
[Black "Jagiela, Piotr"]
[Result "1-0"]
[WhiteElo "1573"]
[BlackElo "1800"]
[PlyCount "100"]
[EventDate "2013.07.01"]
[EventType "swiss"]
[EventRounds "9"]
[EventCountry "POL"]
[SourceTitle "EXT 2014"]
[Source "ChessBase"]
[SourceDate "2013.11.20"]
[SourceVersion "1"]
[SourceVersionDate "2013.11.20"]
[SourceQuality "1"]

1. e4 d6 2. d4 e5 3. Nf3 exd4 4. Nxd4 g6 5. Nc3 Bg7 6. Bc4 c6 7. 0-0 Bxd4 8. Qxd4 Qf6 9. Qxf6 Nxf6 10. Bg5 Ng8 11. Rad1 b5 12. Nxb5 cxb5 13. Bd5 f6 14. Be3 Ke7 15. Bxa8 a6 16. Bf4 Nd7 17. Bxd6+ Kf7 18. Bd5+ Kg7 19. Be6 Nh6 20. e5 Nxe5 21. Bxc8 Rxc8 22. Bxe5 fxe5 23. c3 Nf7 24. Rd7 Kf6 25. f4 Ke6 26. Ra7 Rc6 27. fxe5 Nxe5 28. Rxh7 Nd3 29. Rg7 Ne5 30. h4 Rc4 31. Ra7 Ra4 32. a3 Nd3 33. Rb1 Kf5 34. Rd7 Ke4 35. Rd4+ Rxd4 36. cxd4 Kxd4 37. Rd1 Kc4 38. Rxd3 Kxd3 39. g4 Ke4 40. h5 gxh5 41. gxh5 Kf5 42. Kf2 Kg5 43. Ke3 Kxh5 44. Kd4 Kg5 45. Kc5 Kf5 46. Kb6 Ke5 47. Kxa6 b4 48. axb4 Kd6 49. b5 Kc7 50. Ka7 Kd8 1-0

[Event "Wroclaw op-B 7th"]
[Site "Wroclaw"]
[Date "2012.07.07"]
[Round "6"]
[White "Czerniawski, Marek1111"]
[Black "Jagiela, Piotr"]
[Result "1-0"]
[WhiteElo "2063"]
[BlackElo "1812"]
[PlyCount "53"]
[EventDate "2012.07.02"]
[EventType "swiss"]
[EventRounds "9"]
[EventCountry "POL"]
[SourceTitle "EXT 2013"]
[Source "ChessBase"]
[SourceDate "2012.11.22"]
[SourceVersion "1"]
[SourceVersionDate "2012.11.22"]
[SourceQuality "1"]

1. c4 e5 2. Nc3 f5 3. e4 d6 4. d4 exd4 5. Qxd4 Nc6 6. Qe3 Be7 7. Bd3 Nh6 8. Qe2 0-0 9. Bxh6 gxh6 10. Nf3 Bg5 11. h4 Bf4 12. 0-0 Ne5 13. g3 Nxd3 14. Qxd3 Be5 15. Qd5+ Rf7 16. Nxe5 Qf6 17. Qxf7+ Qxf7 18. Nxf7 Kxf7 19. Rfe1 Be6 20. b3 f4 21. gxf4 Bg4 22. Re3 h5 23. f5 Re8 24. Rae1 c6 25. f3 Rg8 26. fxg4 Rxg4+ 27. Kf2 1-0

[Event "Wroclaw op-B 7th"]
[Site "Wroclaw"]
[Date "2012.07.05"]
[Round "4"]
[White "Andrzejewska, Anna"]
[Black "Jagiela, Piotr"]
[Result "1/2-1/2"]
[WhiteElo "1980"]
[BlackElo "1812"]
[PlyCount "99"]
[EventDate "2012.07.02"]
[EventType "swiss"]
[EventRounds "9"]
[EventCountry "POL"]
[SourceTitle "EXT 2013"]
[Source "ChessBase"]
[SourceDate "2012.11.22"]
[SourceVersion "1"]
[SourceVersionDate "2012.11.22"]
[SourceQuality "1"]

1. e4 d6 2. d4 g6 3. Nc3 Bg7 4. f4 Nf6 5. Nf3 0-0 6. Be2 b6 7. 0-0 Bb7 8. e5 Nfd7 9. e6 fxe6 10. Ng5 Rf6 11. d5 Nf8 12. Bg4 h6 13. Nge4 exd5 14. Nxf6+ exf6 15. Nxd5 c6 16. Nc3 d5 17. f5 g5 18. Ne2 Ba6 19. Re1 Bxe2 20. Qxe2 Nbd7 21. Qe7 Ne5 22. Qxd8 Rxd8 23. Be2 Nfd7 24. Be3 Bf8 25. c3 Bc5 26. Bd4 Bd6 27. Rad1 Bc7 28. b3 Nf7 29. Bf2 Nde5 30. c4 dxc4 31. Rxd8+ Bxd8 32. Bxc4 Kf8 33. Be6 Bc7 34. Rd1 Ke7 35. Bg3 Bd6 36. Bxf7 Bc5+ 37. Bf2 Bxf2+ 38. Kxf2 Nxf7 39. Kf3 h5 40. g3 Ne5+ 41. Ke4 Nf7 42. Kd4 Nd6 43. Rf1 Nb5+ 44. Kd3 Nd6 45. h3 Nf7 46. b4 Kd6 47. Ke4 c5 48. bxc5+ bxc5 49. Rf3 Kc6 50. g4 1/2-1/2

[Event "Polanica Zdroj op-D 47th"]
[Site "Polanica Zdroj"]
[Date "2011.08.28"]
[Round "9"]
[White "Jagiela, Piotr"]
[Black "Mucha, Piotr"]
[Result "0-1"]
[WhiteElo "1789"]
[BlackElo "1919"]
[PlyCount "108"]
[EventDate "2011.08.20"]
[EventType "swiss"]
[EventRounds "9"]
[EventCountry "POL"]
[SourceTitle "EXT 2014"]
[Source "ChessBase"]
[SourceDate "2013.11.20"]
[SourceVersion "1"]
[SourceVersionDate "2013.11.20"]
[SourceQuality "1"]

1. c4 g6 2. Nc3 Bg7 3. d4 Nf6 4. e4 d6 5. Nf3 0-0 6. Be2 e5 7. dxe5 dxe5 8. Bg5 Nbd7 9. Qc2 c6 10. h3 Qc7 11. Rd1 Nc5 12. g3 Ne6 13. Be3 Nh5 14. Qc1 Re8 15. Nh4 Nf6 16. 0-0 Nd4 17. f3 Bxh3 18. Rf2 Be6 19. Rh2 Rad8 20. Bd3 h5 21. b3 Rd7 22. Ne2 Nxe2+ 23. Rxe2 Red8 24. Red2 a6 25. c5 Qa5 26. Bg5 Re8 27. Ng2 Nh7 28. Be3 Red8 29. Kf2 Bf8 30. Ke2 Qb4 31. Ne1 Be7 32. Qb2 Bf6 33. Nc2 Qa5 34. a3 Qc7 35. b4 h4 36. gxh4 Bxh4 37. Rg1 Rxd3 38. Rxd3 Bc4 39. Rgd1 Qd7 40. Qc3 Qh3 41. Bf2 Qg2 42. Qe1 Rxd3 43. Rxd3 Bxf2 44. Ne3 Bxd3+ 45. Kxd3 Qxf3 46. Qc1 Qxe3+ 47. Qxe3 Bxe3 48. Kxe3 f5 49. exf5 gxf5 50. a4 f4+ 51. Ke2 Ng5 52. Kf2 Ne4+ 53. Kf3 Nc3 54. a5 Kf7 0-1

[Event "Polanica Zdroj op-D 47th"]
[Site "Polanica Zdroj"]
[Date "2011.08.21"]
[Round "2"]
[White "Karleszko, Karolina"]
[Black "Jagiela, Piotr"]
[Result "0-1"]
[WhiteElo "1600"]
[BlackElo "1789"]
[PlyCount "68"]
[EventDate "2011.08.20"]
[EventType "swiss"]
[EventRounds "9"]
[EventCountry "POL"]
[SourceTitle "EXT 2014"]
[Source "ChessBase"]
[SourceDate "2013.11.20"]
[SourceVersion "1"]
[SourceVersionDate "2013.11.20"]
[SourceQuality "1"]

1. d4 d6 2. c4 e5 3. dxe5 dxe5 4. Qxd8+ Kxd8 5. Nc3 Be6 6. b3 Nd7 7. Bb2 Bc5 8. e3 Nh6 9. Nf3 f6 10. 0-0-0 Nf5 11. Be2 h5 12. Rd2 c6 13. Rhd1 Kc7 14. Ne4 Be7 15. Bd3 h4 16. Bb1 h3 17. g3 a5 18. a3 Rad8 19. Ng1 Nc5 20. Nxc5 Bxc5 21. Rxd8 Rxd8 22. Rxd8 Kxd8 23. Kd2 Nd6 24. Bc3 Bb6 25. Bd3 g5 26. Kc2 g4 27. Ne2 e4 28. Bxf6+ Kd7 29. Nf4 exd3+ 30. Nxd3 Bf5 31. Kd2 Ne4+ 32. Ke2 Nxf6 33. c5 Bxd3+ 34. Kxd3 Bxc5 0-1

[Event "Polanica Zdroj op-D 47th"]
[Site "Polanica Zdroj"]
[Date "2011.08.20"]
[Round "1"]
[White "Jagiela, Piotr"]
[Black "Najuch, Natalia"]
[Result "1-0"]
[WhiteElo "1789"]
[BlackElo "1326"]
[PlyCount "75"]
[EventDate "2011.08.20"]
[EventType "swiss"]
[EventRounds "9"]
[EventCountry "POL"]
[SourceTitle "EXT 2014"]
[Source "ChessBase"]
[SourceDate "2013.11.20"]
[SourceVersion "1"]
[SourceVersionDate "2013.11.20"]
[SourceQuality "1"]

1. c4 e5 2. Nc3 Nf6 3. g3 Nc6 4. Bg2 d6 5. e3 Be7 6. Nge2 Be6 7. Qa4 Bd7 8. Qc2 0-0 9. 0-0 Re8 10. a3 a6 11. b4 Qc8 12. Re1 Bh3 13. Bh1 Qd7 14. Bb2 Be6 15. Nd5 Bxd5 16. cxd5 Nb8 17. Rac1 Rc8 18. d4 exd4 19. Nxd4 Qd8 20. Bg2 Nbd7 21. Bh3 Nxd5 22. e4 N5b6 23. Qe2 Bg5 24. f4 Bf6 25. Nf5 Na4 26. Bxf6 Qxf6 27. e5 dxe5 28. fxe5 Qb6+ 29. Kh1 Re8 30. Qc2 Qb5 31. Bf1 Qd5+ 32. Bg2 Qb5 33. Nd4 Qb6 34. Red1 c5 35. Qxa4 Nxe5 36. bxc5 Qf6 37. Rf1 Qg6 38. Bxb7 1-0

[Event "Polanica Zdroj op-B 46th"]
[Site "Polanica Zdroj"]
[Date "2010.08.26"]
[Round "9"]
[White "Jagiela, Piotr"]
[Black "Tymcio, Mariusz"]
[Result "1-0"]
[WhiteElo "1889"]
[BlackElo "1686"]
[PlyCount "105"]
[EventDate "2010.08.18"]
[EventType "swiss"]
[EventRounds "9"]
[EventCountry "POL"]
[SourceTitle "CBM 138 Extra"]
[Source "ChessBase"]
[SourceDate "2010.10.29"]
[SourceVersion "1"]
[SourceVersionDate "2010.10.29"]
[SourceQuality "1"]

1. d4 d5 2. Bf4 Nf6 3. e3 c6 4. Bd3 Qb6 5. b3 e6 6. Ne2 Bb4+ 7. c3 Be7 8. Nd2 0-0 9. h3 Nbd7 10. 0-0 Nh5 11. Bh2 f5 12. c4 Qd8 13. c5 g5 14. Kh1 Bf6 15. Rc1 Bg7 16. Bd6 Rf7 17. f4 h6 18. Kh2 g4 19. g3 gxh3 20. Ng1 Nhf6 21. Be2 Bf8 22. Be5 Rg7 23. Nxh3 Nxe5 24. fxe5 Ng4+ 25. Bxg4 Rxg4 26. Nf3 Be7 27. Qe1 Bd7 28. Nf2 Rg7 29. Nd3 Qe8 30. Kg2 Bg5 31. Rh1 Qg6 32. Rh3 Kf7 33. Kf2 Ke7 34. Qb4 f4 35. Nxf4 Bxf4 36. exf4 Rf8 37. Qd2 Qg4 38. Rch1 Be8 39. Qe3 h5 40. Ke1 Qf5 41. Kd2 Bg6 42. Qc3 Qg4 43. Ng5 Qf5 44. R3h2 Qg4 45. Kc1 Be4 46. Re1 Rxg5 47. fxg5 Rf3 48. Qb4 Qxg5+ 49. Kb2 Qxg3 50. Qxb7+ Kf8 51. Rxh5 Rf7 52. Qb8+ Ke7 53. Qd6+ 1-0

[Event "Polanica Zdroj op-B 46th"]
[Site "Polanica Zdroj"]
[Date "2010.08.21"]
[Round "4"]
[White "Wozniak, Mariola"]
[Black "Jagiela, Piotr"]
[Result "1-0"]
[WhiteElo "1722"]
[BlackElo "1889"]
[PlyCount "103"]
[EventDate "2010.08.18"]
[EventType "swiss"]
[EventRounds "9"]
[EventCountry "POL"]
[SourceTitle "CBM 138 Extra"]
[Source "ChessBase"]
[SourceDate "2010.10.29"]
[SourceVersion "1"]
[SourceVersionDate "2010.10.29"]
[SourceQuality "1"]

1. e4 d6 2. d4 f5 3. exf5 Bxf5 4. Nf3 e6 5. Bd3 Be7 6. 0-0 Bg4 7. h3 Bh5 8. Nbd2 Nc6 9. c3 Qd7 10. Qc2 Nf6 11. Ng5 0-0-0 12. Nxe6 Kb8 13. Nxd8 Nxd8 14. a4 g5 15. Bf5 Qc6 16. b4 Nd5 17. Bb2 Nf4 18. Qe4 Bg6 19. Qxc6 Nxc6 20. Bxg6 Nxg6 21. Rfe1 Kc8 22. g3 Kd7 23. Nc4 Bf6 24. Re2 h5 25. Rae1 h4 26. Re6 Rf8 27. b5 Nce7 28. R6e2 Nf5 29. Kg2 Ng7 30. Ne3 Nh5 31. c4 Rh8 32. c5 hxg3 33. fxg3 Ngf4+ 34. gxf4 Nxf4+ 35. Kg3 Rxh3+ 36. Kg4 Rh4+ 37. Kf5 Nxe2 38. Kxf6 Nxd4 39. Ng2 Rg4 40. Re7+ Kd8 41. cxd6 Nxb5 42. axb5 Rxg2 43. dxc7+ Kc8 44. Be5 Rf2+ 45. Ke6 Rf8 46. Rg7 Re8+ 47. Kf5 a6 48. b6 a5 49. Rxg5 Kd7 50. Rg6 a4 51. Rd6+ Kc8 52. Bf6 1-0

[Event "Polanica Zdroj op-B 46th"]
[Site "Polanica Zdroj"]
[Date "2010.08.18"]
[Round "1"]
[White "Jagiela, Piotr"]
[Black "Gradalski, Bartosz"]
[Result "1-0"]
[WhiteElo "1889"]
[BlackElo "1622"]
[PlyCount "73"]
[EventDate "2010.08.18"]
[EventType "swiss"]
[EventRounds "9"]
[EventCountry "POL"]
[SourceTitle "CBM 138 Extra"]
[Source "ChessBase"]
[SourceDate "2010.10.29"]
[SourceVersion "1"]
[SourceVersionDate "2010.10.29"]
[SourceQuality "1"]

1. e4 e6 2. d4 d5 3. exd5 exd5 4. Bd3 Bd6 5. Ne2 Nf6 6. Bg5 h6 7. Bh4 0-0 8. Nbc3 Be6 9. Qd2 c6 10. Nf4 Nbd7 11. Bg3 Re8 12. 0-0-0 Qc7 13. Rhe1 b5 14. f3 Nb6 15. Nxe6 Rxe6 16. Rxe6 fxe6 17. Ne2 e5 18. dxe5 Bxe5 19. Nd4 Bxg3 20. hxg3 Nc4 21. Bxc4 bxc4 22. Qf4 Qd7 23. Nf5 Rf8 24. g4 Qe6 25. Nd4 Qd7 26. Nf5 Qe6 27. Nd4 Qd7 28. Nf5 Qe6 29. Qc7 Rf7 30. Qg3 Nh5 31. Qf2 Nf4 32. Re1 Qd7 33. g3 Ne6 34. Qe3 Rf6 35. f4 h5 36. g5 Nxg5 37. Ne7+ 1-0

[Event "Wroclaw op"]
[Site "Wroclaw"]
[Date "2010.02.12"]
[Round "8"]
[White "Kresa, Jaroslaw"]
[Black "Jagiela, Piotr"]
[Result "0-1"]
[WhiteElo "1733"]
[BlackElo "1945"]
[PlyCount "98"]
[EventDate "2010.02.08"]
[EventType "swiss"]
[EventRounds "9"]
[EventCountry "POL"]
[SourceTitle "CBM 134 Extra"]
[Source "ChessBase"]
[SourceDate "2010.03.03"]
[SourceVersion "1"]
[SourceVersionDate "2010.03.03"]
[SourceQuality "1"]

1. Nc3 d5 2. e4 d4 3. Nce2 c5 4. Ng3 Nc6 5. Bc4 Ne5 6. Bb5+ Bd7 7. Bxd7+ Qxd7 8. f4 Ng6 9. d3 e5 10. fxe5 Nxe5 11. Bf4 Bd6 12. Nf5 f6 13. Nxd6+ Qxd6 14. Bg3 Ne7 15. Nf3 N7g6 16. Nxe5 Nxe5 17. Qh5+ g6 18. Qh6 Qe7 19. 0-0 0-0-0 20. Rf2 b6 21. Bxe5 fxe5 22. Raf1 Rd7 23. Rf6 Kc7 24. Qh3 Re8 25. Qh6 Qg7 26. Qg5 Ree7 27. a4 Qg8 28. b3 Re6 29. Rf8 Qg7 30. Ra8 Kb7 31. Rff8 Qe7 32. Qd2 Rf6 33. Rfb8+ Ka6 34. Qe1 Qd6 35. Re8 Rdf7 36. a5 bxa5 37. Rad8 Qb6 38. Rxe5 Qb4 39. Qe2 Rf2 40. Qxf2 Rxf2 41. Kxf2 Qd2+ 42. Kf1 Qd1+ 43. Kf2 Qxc2+ 44. Ke1 Qc1+ 45. Ke2 Qe3+ 46. Kd1 Qxd3+ 47. Kc1 Qc3+ 48. Kb1 Qxb3+ 49. Ka1 Qa4+ 0-1

[Event "Wroclaw Oct op"]
[Site "Wroclaw"]
[Date "2010.??.??"]
[Round "5"]
[White "Gajdamowicz, Adrian"]
[Black "Jagiela, Piotr"]
[Result "0-1"]
[WhiteElo "1502"]
[BlackElo "1849"]
[PlyCount "79"]
[EventDate "2010.10.22"]
[EventType "swiss"]
[EventRounds "5"]
[EventCountry "POL"]
[SourceTitle "EXT 2011"]
[Source "ChessBase"]
[SourceDate "2010.11.26"]
[SourceVersion "1"]
[SourceVersionDate "2010.11.26"]
[SourceQuality "1"]

1. e4 d5 2. exd5 Nf6 3. Bb5+ Bd7 4. Bc4 b5 5. Bb3 a5 6. a3 Bg4 7. f3 a4 8. Ba2 Bd7 9. Nc3 g6 10. Nge2 Na6 11. 0-0 Bg7 12. d4 b4 13. axb4 Nxb4 14. Bc4 0-0 15. Bg5 Bf5 16. Rxa4 Rxa4 17. Nxa4 Bxc2 18. Qd2 Qb8 19. Nc5 Bf5 20. Bxf6 Bxf6 21. g4 Bc8 22. Ra1 Rd8 23. g5 Bg7 24. Nf4 c6 25. Ra4 Nxd5 26. Bxd5 cxd5 27. Rb4 Qd6 28. Ne2 e5 29. Na4 Bf5 30. Rb6 Qc7 31. h4 Bd7 32. Qc3 Qa7 33. Rd6 exd4 34. Qc5 Qxa4 35. Qc7 Re8 36. Rxd7 Qd1+ 37. Kg2 Rxe2+ 38. Kh3 Qf1+ 39. Kg3 Be5+ 40. Qxe5 0-1

[Event "POL-ch disabled"]
[Site "Rowy"]
[Date "2009.09.06"]
[Round "8.15"]
[White "Olszewski, Jerzy"]
[Black "Jagiela, Piotr"]
[Result "0-1"]
[WhiteElo "1915"]
[BlackElo "1969"]
[PlyCount "94"]
[EventDate "2009.09.01"]
[EventType "swiss"]
[EventRounds "9"]
[EventCountry "POL"]
[SourceTitle "EXT 2023"]
[Source "ChessBase"]
[SourceDate "2022.10.05"]
[SourceVersion "1"]
[SourceVersionDate "2022.10.05"]
[SourceQuality "1"]

1. e4 c5 2. g3 Nc6 3. Bg2 g6 4. Ne2 Bg7 5. d3 d6 6. 0-0 Rb8 7. c4 Bd7 8. Nbc3 e6 9. Be3 e5 10. Qd2 h5 11. h3 Nge7 12. Kh2 h4 13. g4 a6 14. f4 exf4 15. Nxf4 Be5 16. Kg1 Qa5 17. Nfe2 Nd4 18. Bxd4 cxd4 19. Nb1 Qd8 20. Qc1 Qc8 21. Bf3 f6 22. Na3 g5 23. Nc2 Qc5 24. Kg2 a5 25. Qd2 b5 26. cxb5 Bxb5 27. Rfc1 Qb6 28. Na3 Ba6 29. Rab1 Ng6 30. Nc4 Bxc4 31. Rxc4 0-0 32. b3 Rbc8 33. Qc2 Rc5 34. Rc1 Rfc8 35. Kf1 Rxc4 36. bxc4 Rb8 37. Qd2 Nf4 38. Bg2 Qb2 39. Rc2 Qb1+ 40. Kf2 Nxe2 41. Qxe2 a4 42. Bf3 a3 43. Qd1 Qb4 44. Qd2 Qc5 45. Bd1 Bf4 46. Qe2 Qe5 47. Qf3 Rb1 0-1

[Event "POL-ch disabled"]
[Site "Rowy"]
[Date "2009.09.04"]
[Round "6.5"]
[White "Jagiela, Piotr"]
[Black "Olejarczyk, Bogdan"]
[Result "0-1"]
[WhiteElo "1969"]
[BlackElo "2143"]
[PlyCount "57"]
[EventDate "2009.09.01"]
[EventType "swiss"]
[EventRounds "9"]
[EventCountry "POL"]
[SourceTitle "EXT 2023"]
[Source "ChessBase"]
[SourceDate "2022.10.05"]
[SourceVersion "1"]
[SourceVersionDate "2022.10.05"]
[SourceQuality "1"]

1. b3 d5 2. Bb2 Bf5 3. Nf3 e6 4. g3 Nf6 5. Bg2 h6 6. 0-0 Be7 7. d3 0-0 8. Nbd2 c5 9. e3 Nc6 10. Ne5 Nxe5 11. Bxe5 Nd7 12. Bb2 Bf6 13. Qc1 Qe7 14. e4 dxe4 15. dxe4 Bg6 16. Bxf6 Nxf6 17. Qb2 e5 18. f3 Rad8 19. Nc4 Rd4 20. a4 Rfd8 21. Rac1 Nd7 22. Rf2 Nb6 23. Ne3 a5 24. c3 R4d6 25. Bf1 f6 26. c4 Rd4 27. Qc3 Ra8 28. Rcc2 Rd6 29. Rcd2 0-1

[Event "POL-ch disabled"]
[Site "Rowy"]
[Date "2009.09.02"]
[Round "3.12"]
[White "Wrabel, Antoni"]
[Black "Jagiela, Piotr"]
[Result "1/2-1/2"]
[WhiteElo "1867"]
[BlackElo "1969"]
[PlyCount "107"]
[EventDate "2009.09.01"]
[EventType "swiss"]
[EventRounds "9"]
[EventCountry "POL"]
[SourceTitle "EXT 2023"]
[Source "ChessBase"]
[SourceDate "2022.10.05"]
[SourceVersion "1"]
[SourceVersionDate "2022.10.05"]
[SourceQuality "1"]

1. e4 d5 2. exd5 Qxd5 3. Nc3 Qa5 4. d4 c6 5. Nf3 Bf5 6. Be2 Nf6 7. 0-0 e6 8. Ne5 Nbd7 9. Nc4 Qc7 10. g3 Nd5 11. Nxd5 cxd5 12. Bf4 Qc6 13. Ne3 Bg6 14. Rc1 b5 15. Bf3 Nb6 16. Qe2 Rc8 17. c3 Be7 18. Bh5 a6 19. h4 Nd7 20. Bxg6 hxg6 21. b3 Bd6 22. Bxd6 Qxd6 23. c4 bxc4 24. bxc4 0-0 25. cxd5 exd5 26. h5 gxh5 27. Rxc8 Rxc8 28. Nf5 Qc7 29. Ne7+ Kf8 30. Nxc8 Qxc8 31. Re1 Nf6 32. Kg2 Kg8 33. Rb1 Kh7 34. Rb6 a5 35. Qd3+ Kg8 36. Qb1 Nd7 37. Rb7 h4 38. gxh4 Nf8 39. f3 g6 40. Rb5 Qc4 41. Qb2 Ne6 42. Rxa5 Nf4+ 43. Kh2 Qc7 44. Rc5 Qd6 45. Rc8+ Kh7 46. Qb8 Qf6 47. Rh8+ Qxh8 48. Qxf4 Qe8 49. Qe5 Qb5 50. h5 Qb2+ 51. Kg3 Qxa2 52. hxg6+ Kxg6 53. Qd6+ f6 54. Qf8 1/2-1/2

[Event "Polanica Zdroj op-B 45th"]
[Site "Polanica Zdroj"]
[Date "2009.08.21"]
[Round "4"]
[White "Jagiela, Piotr"]
[Black "Szadkowski, Krzysztof"]
[Result "1-0"]
[WhiteElo "1939"]
[BlackElo "2100"]
[PlyCount "53"]
[EventDate "2009.08.18"]
[EventType "swiss"]
[EventRounds "10"]
[EventCountry "POL"]
[SourceTitle "CBM 131 Extra"]
[Source "ChessBase"]
[SourceDate "2009.09.03"]
[SourceVersion "2"]
[SourceVersionDate "2009.09.16"]
[SourceQuality "1"]

1. c4 e5 2. Nc3 d6 3. g3 f5 4. Bg2 Nf6 5. e3 Be7 6. Nge2 0-0 7. f4 c6 8. 0-0 Be6 9. b3 Na6 10. h3 Qc7 11. fxe5 dxe5 12. d4 Rad8 13. Qc2 Nh5 14. Kh2 Nxg3 15. Nxg3 exd4 16. exd4 Bd6 17. Rf3 Rf6 18. Qf2 Rg6 19. Nce2 Re8 20. Nf4 Rf6 21. Bf1 Bf7 22. c5 Bf8 23. Nd3 Bd5 24. Rxf5 Rxf5 25. Qxf5 Re4 26. Bf4 Qe7 27. Nxe4 1-0